000 01043nam a2200277 a 4500
001 BRL_346
005 20190320210710.0
008 310713s1991----u--a######---#000-0#eng-#
020 _a0002159627
041 _aengspa
044 _au
050 4 _aGT4995
_b.G74 1991
100 1 _aGreenleigh, John
_d1955-
_95137
245 1 0 _aThe Days of the Dead
_bMexico’s Festival of Communion with the Departed = Los días de muertos : un Festival de Comunión con los Muertos en México
_cfotografías de John Greenleigh ; texto de Rosalind Rosoff Beimler.
260 _aSan Francisco, California
_bCollins Publishers Sa
_c1991
300 _a110 p.
_bil.
_c26 cm.
500 _aAu338
546 _aTexto en : inglés y español
650 1 4 _aDía de todos los santos
_zMéxico
_95138
651 4 _aMéxico
_xVida social y costumbres
_9769
653 0 _aVida cotidiana
700 1 _aBeimler, Rosalind Rosoff
_d1920-
_95139
740 0 _aLos días de muertos : un festival de comunión con los muertos en México
902 _aGRL
942 _2lcc
_cB
999 _c9159
_d9159